Músculos del Antebrazo y del Brazo - Estadísticas

Estadísticas generales
  • Esta prueba ha sido intentada 116 veces
  • La puntuación promedio es 9 de 24
Estadísticas de respuestas
Músculo % Correcto
Bíceps Braquial
83%
Tríceps Braquial
77%
Braquial
70%
Coracobraquial
54%
Pronador Redondo
48%
Ancóneo
46%
Braquiorradial
46%
Pronador Cuadrado
43%
Supinador
43%
Flexor Cubital del Carpo
37%
Extensor de los Dedos
36%
Flexor Radial del Carpo
36%
Extensor Cubital del Carpo
33%
Flexor Superficial de los Dedos
33%
Extensor Radial del Carpo
31%
Flexor Profundo de los Dedos
31%
Palmar Largo
31%
Flexor Largo del Pulgar
27%
Extensor del Índice
24%
Extensor del Meñique
23%
Extensor Largo del Pulgar
19%
Abductor Largo del Pulgar
16%
Extensor Corto del Pulgar
16%
Extensor Largo del Carpo
2%
No se encontraron pruebas coincidentes
Distribución de puntuación
Porcentaje de gente con cada puntuación
Porcentaje por número respondido
Historial de tus puntuaciones
No has intentado esta prueba.